000 01175cam a2200301 a 4500
999 _c129357
_d129357
001 2370089
003 ARRUPE
005 20190402095122.0
008 840511s1984 enk b 001 0 eng
010 _a 84040041
020 _a0312867786 (St. Martin's Press) :
_c$25.00
040 _aDLC
_cDLC
_dDLC
043 _af-rh---
050 _aJQ2929.A795
_bM234
082 0 0 _a968.91/03
_219
100 1 _aHancock, Ian,
_d1940-
_945709
245 1 0 _aWhite liberals, moderates, and radicals in Rhodesia, 1953-1980 /
_cIan Hancock.
260 _aLondon :
_bCroom Helm ;
_aNew York :
_bSt. Martin's Press,
_cc1984.
300 _a230 p. ;
_c23 cm.
504 _aIncludes bibliographical references and index.
650 0 _aLiberalism
_zZimbabwe
_xHistory
_y20th century.
_945710
650 0 _aPolitical parties
_zZimbabwe
_xHistory
_y20th century.
_945711
906 _a7
_bcbc
_corignew
_d1
_eocip
_f19
_gy-gencatlg
942 _2lcc
_cMONOGRAPH